LEADER 01019nam0-2200337---450- 001 990009695330403321 005 20130318120716.0 010 $a978-88-204-0346-1 035 $a000969533 035 $aFED01000969533 035 $a(Aleph)000969533FED01 035 $a000969533 100 $a20130318d2012----km-y0itay50------ba 101 0 $aita 102 $aIT 105 $aa-------001yy 200 1 $aPrendere decisioni sul paesaggio$esperimentazione interdisciplinare per la gestione del paesaggio viticolo$fa cura di Federica Larcher 210 $aMilano$cFrancoAngeli$dİ2012 215 $a223 p., [8] c. di tav.$cill.$d23 cm 225 1 $aPercorsi di ricerca$v18 610 0 $aEcologia urbana 676 $a577.56$v22$zita 676 $a711.7$v22$zita 702 1$aLarcher$bFederica 801 0$aIT$bUNINA$gRICA$2UNIMARC 901 $aBK 912 $a990009695330403321 952 $aURB.LE B 2734$bs.i.$fFARBC 959 $aFARBC 996 $aPrendere decisioni sul paesaggio$9843031 997 $aUNINA